50 GRATEAT CURRIES OF INDIA. (Record no. 227457)

MARC details
000 -LEADER
fixed length control field 00357pam a2200157 a 4500
020 ## - INTERNATIONAL STANDARD BOOK NUMBER
Terms of availability
041 ## - LANGUAGE CODE
Language code of original
082 ## - DEWEY DECIMAL CLASSIFICATION NUMBER
Classification number 641.5
100 ## - MAIN ENTRY--PERSONAL NAME
Personal name PUNJABI C.
Relator term Author
245 ## - TITLE STATEMENT
Title 50 GRATEAT CURRIES OF INDIA.
Statement of responsibility, etc. PUNJABI C.
Medium Textual Documents
260 ## - PUBLICATION, DISTRIBUTION, ETC.
Place of publication, distribution, etc. Bombay
Name of publisher, distributor, etc. Rupa & Co
300 ## - PHYSICAL DESCRIPTION
Extent 192
653 ## - INDEX TERM--UNCONTROLLED
Uncontrolled term food Producation
700 ## - ADDED ENTRY--PERSONAL NAME
Relator term Co-Author
930 ## - EQUIVALENCE OR CROSS-REFERENCE-UNIFORM TITLE HEADING [LOCAL, CANADA]
Uniform title 56
Holdings
Withdrawn status Lost status Damaged status Not for loan Collection Home library Current library Date acquired Source of acquisition Cost, normal purchase price Total Checkouts Full call number Barcode Date last seen Copy number Price effective from Koha item type
          Institute of Hotel Management & Catering Technology, Pune Institute of Hotel Management & Catering Technology, Pune 23/08/2001 Classic Pune 700.00   641.5 HMP-D-575 07/03/2023 1 07/03/2023 Book